[Event "STAREDUST Play(under 1200 RAITING PLEASE  Play on)"]
[Site "SchemingMind.com"]
[Date "2017.12.05"]
[Round "-"]
[White "nammy"]
[Black "Henk Miedema"]
[Result "1/2-1/2"]
[WhiteCountry "ENG"]
[BlackCountry "NED"]
[WhiteElo "850"]
[WhiteRD "62"]
[BlackElo "990"]
[BlackRD "63"]
[GameID "421606"]

1. d4 d5 2. Nf3 e6 3. e3 b6 4. Bd2 Nf6 5. c3 Bd6 6. Bd3 Bd7 7. a3 O-O 8. Qe2 Nc6 9. Nh4 Na5 10. Qf3 Ba4
11. Nf5 c6 12. h4 c5 13. g4 Nb3 14. Ra2 Qc7 15. Kf1 Na5 16. g5 Bb3 17. Ra1 Qe7 18. Qh3 c4 19. Be2 b5 20. Nxe7+ Bxe7
21. f3 Bc2 22. f4 Be4 23. h5 Bxh1 24. Qxh1 Nb7 25. Bd1 Ne4 26. Be1 a6 27. Bf3 Ned6 28. Nd2 Nf5 29. Bf2 Nbd6 30. b3 Ne8
31. Ra2 a5 32. Kg1 a4 33. b4 Nfd6 34. Nb1 f6 35. g6 h6 36. Nd2 f5 37. Ra1 Nc7 38. Bg2 Nce8 39. Nf3 Ne4 40. Be1 Nc7
41. Ne5 Rab8= 42. Nc6 Rbe8 43. Rd1 Bd6 44. Na5 Nf6 45. Nb7 Be7 46. Bf2 Nd7= 47. Na5 Nb6 48. Nc6 Bf6 49. Na7 Ra8 50. Nc6 Na6
51. Na5 Nc7 52. Nc6 Rac8 53. Re1 Na6 54. Na5 Nc7 55. Qh3 Ne8 56. Re2 Bd8 57. e4 Bc7 58. Bg3 Nd6 59. Kf1 dxe4 60. Rf2 Ne8
61. Nc6 Nd5 62. Bh4 Nxc3 63. Na7 Ra8 64. Rc2 Nd5 65. Nxb5 Nxf4 66. Qh2 Nd5 67. Nc3 Bxh2 68. Nb5 Ne3+ 69. Kf2 Bf4 70. Be7 Nxc2
71. Nc3 Bd6 72. Bf1 e3+ 73. Ke2 Nf6 74. Bxd6 Rfd8 75. Bc5 e5 76. b5 exd4 77. Nd1 Nxh5 78. Kf3 Ne1+ 79. Ke2 Nd3 80. Bb4 Ng3+
81. Kf3 Ne4 82. Be7 Re8 83. Bh4 Nd2+ 84. Kg2 e2 85. Bxe2 Rxe2+ 86. Kg3 Rae8 87. Kh3 Re1 88. Nc3 R1e3+ 89. Kh2 dxc3 90. b6 Rb8
91. Bg3 Nf1+ 92. Kg1 Nxg3 93. Kh2 Rxb6 94. Kh3 Rxg6 95. Kg2 Ne4+ 96. Kf1 c2
1/2-1/2

[Event "STAREDUST Play(under 1200 RAITING PLEASE  Play on)"]
[Site "SchemingMind.com"]
[Date "2017.12.06"]
[Round "-"]
[White "Arthur Wilding"]
[Black "nammy"]
[Result "0-1"]
[WhiteCountry "WLS"]
[BlackCountry "ENG"]
[WhiteElo "1142"]
[WhiteRD "74"]
[BlackElo "882"]
[BlackRD "65"]
[GameID "421610"]

1. d4 d5 2. e3 e6 3. Nf3 Ne7 4. Nc3 Ng6 5. Ne5 Nh4 6. Bb5+ c6 7. Bf1 f6 8. Nd3 b6 9. Bd2 Bd6 10. Qh5+ Ng6
11. Be2 Kf8 12. O-O Ne7 13. Qf3 Qe8 14. e4 Qf7 15. exd5 cxd5 16. a4 Ng6 17. a5 b5 18. Nxb5 Be7 19. Nc7 Bb7 20. Nxa8 Bxa8
21. Nf4 Nh4 22. Qb3 Nc6 23. Qb5 Nxd4 24. Rfc1 Nxb5 25. Bxb5 e5 26. Nd3 Qg6 27. g3 Nf3+ 28. Kh1 Nxd2 29. Nb4 Qe4+ 30. Kg1 Bxb4
31. c3 Bc5 32. Re1 Qf5 33. Be2 Qxf2+ 34. Kh1 d4+ 35. Bf3 Qxf3+ 36. Kg1 d3+ 37. Re3 Qxe3#
0-1

[Event "STAREDUST Play(under 1200 RAITING PLEASE  Play on)"]
[Site "SchemingMind.com"]
[Date "2017.12.06"]
[Round "-"]
[White "Henk Miedema"]
[Black "Arthur Wilding"]
[Result "0-1"]
[WhiteCountry "NED"]
[BlackCountry "WLS"]
[WhiteElo "993"]
[WhiteRD "64"]
[BlackElo "1142"]
[BlackRD "74"]
[GameID "421611"]

1. d4 d5 2. Nf3 e6 3. e3 Nc6 4. Nc3 Nf6 5. Bb5 Bd7 6. Bd3 Bb4 7. Bd2 Bxc3 8. Bxc3 O-O 9. Qd2 Ne4 10. Qe2 Nxc3
11. bxc3 h6 12. c4 dxc4 13. Bxc4 Nb4 14. O-O c6 15. a3 Nd5 16. Qd1 Nf6 17. a4 Qc7 18. Ra2 Ne4 19. Qd3 Nd6 20. g3 Ne8
21. a5 Nd6 22. a6 b6 23. Ne5 b5 24. Bb3 Rad8 25. c3 Be8 26. Bc2 f5 27. Bb3 Bf7 28. c4 g5 29. f4 Kh8 30. c5 Ne4
31. Nf3 gxf4 32. gxf4 Nf6 33. Qd2 Ne4 34. Qg2 Nd6 35. Ne5 Ne4 36. Nf3 Rg8 37. Kh1 Rxg2 38. Kxg2 Nc3 39. Rc2 Nd5 40. Kf2 Bh5
41. Nh4= Nxf4 42. Rd2= Rg8 43. exf4 Qe7 44. Re1 Qxh4+ 45. Kf1 Qxf4+ 46. Rf2 Qxd4 47. Bxe6 Qd3+ 48. Ree2 Bxe2+ 49. Rxe2 Re8 50. Kf2 Qd4+
51. Kf3 Rf8 52. Bd7 Qxd7 53. h3 Qd5+ 54. Kf2 Qxc5+
0-1

[Event "STAREDUST Play(under 1200 RAITING PLEASE  Play on)"]
[Site "SchemingMind.com"]
[Date "2017.12.06"]
[Round "-"]
[White "Chessibelle"]
[Black "nammy"]
[Result "1-0"]
[WhiteCountry "ENG"]
[BlackCountry "ENG"]
[WhiteElo "1107"]
[WhiteRD "60"]
[BlackElo "818"]
[BlackRD "69"]
[GameID "421624"]

1. e4 e5 2. Nf3 f6 3. g3 d6 4. Bg2 Be6 5. O-O Ne7 6. d3 Nbc6 7. Nbd2 Bg4 8. c3 Qd7 9. h3 Be6 10. a3 g6
11. d4 Bh6 12. Nh2 d5 13. Qf3 O-O-O 14. b4 Bg7 15. Qd3 Bf7 16. Nb3 Qe8 17. Nc5 g5 18. Qb5 Bg6 19. Qxb7#
1-0

[Event "STAREDUST Play(under 1200 RAITING PLEASE  Play on)"]
[Site "SchemingMind.com"]
[Date "2017.12.06"]
[Round "-"]
[White "Chessibelle"]
[Black "Arthur Wilding"]
[Result "1-0"]
[WhiteCountry "ENG"]
[BlackCountry "WLS"]
[WhiteElo "1069"]
[WhiteRD "60"]
[BlackElo "1142"]
[BlackRD "74"]
[GameID "421625"]

1. e4 e5 2. Nf3 d6 3. Be2 Nf6 4. O-O Nc6 5. Re1 Nd4 6. Bf1 Nxf3+ 7. Qxf3 Bg4 8. Qb3 Rb8 9. Qa4+ Nd7 10. g3 a6
11. a3 c6 12. b4 Nb6 13. Qb3 Qf6 14. d3 Be7 15. Be3 Be6 16. Qc3 Nd7 17. Nd2 O-O 18. Bg2 Kh8 19. Nf3 h6 20. d4 Bg4
21. Qd3 Bxf3 22. h4 Bxg2 23. Kxg2 Nb6 24. Qb3 Nd7 25. Rf1 exd4 26. Bd2 Ne5 27. f4 Nd7 28. c3 dxc3 29. Bxc3 c5 30. Bxf6 Bxf6
31. g4 cxb4 32. Qxb4 Be7 33. Rac1 Rg8 34. Qa5 Rbc8 35. Rb1 Rc2+ 36. Kf3 Rc5 37. Qb4 Rb8 38. Qd4 b5 39. Rg1 Rbc8 40. e5 Rc3+
41. Kg2 Rc2+ 42. Kh1 R2c4 43. Qd5 f6 44. Qe6 dxe5 45. Qxe7 Rd8 46. Qxd8+ Kh7 47. Qxd7 Rxf4 48. Rbc1 Ra4 49. Qf5+ Kg8 50. Rc8+ Kf7
51. Qh5+ Ke7 52. Qe8+ Kd6 53. Qd8+ Ke6 54. Qg8+ Kd6 55. Qxg7 Rxa3 56. Qxf6+ Kd5 57. Rd1+ Ke4 58. Qg6+ Ke3 59. Qxh6+ Ke4 60. Qg6+ Kf3
61. Rf8+ Kg3 62. Rg1+ Kh3 63. h5 b4 64. h6 Rg3 65. Qh5#
1-0

[Event "STAREDUST Play(under 1200 RAITING PLEASE  Play on)"]
[Site "SchemingMind.com"]
[Date "2017.12.06"]
[Round "-"]
[White "Henk Miedema"]
[Black "Chessibelle"]
[Result "0-1"]
[WhiteCountry "NED"]
[BlackCountry "ENG"]
[WhiteElo "1022"]
[WhiteRD "71"]
[BlackElo "1107"]
[BlackRD "60"]
[GameID "421626"]

1. d4 d5 2. Nf3 e6 3. e3 Ne7 4. b3 g6 5. Bb2 Bg7 6. Bd3 O-O 7. Na3 c6 8. c4 Qa5+ 9. Nd2 f5 10. Nb1 c5
11. O-O Qd8 12. Ba3 b6 13. dxc5 Nd7 14. Nc3 Nxc5 15. Bb2 Nxd3 16. Bc1 Bxc3 17. Qc2 Bxa1 18. Qxd3 Be5 19. Nf3 Qd6 20. Ng5 Bxh2+
21. Kh1 Be5 22. f4 Bf6 23. Nh3 Bb7 24. Qd2 Qc6 25. Bb2 Kg7 26. Bc3 Rad8 27. a4 dxc4 28. Bxf6+ Kxf6 29. Qc3+ Kf7 30. Ng5+ Kg8
31. Nf3 h6 32. Qc2 Nd5 33. Ne5 Qc5 34. Qb2 Nxe3 35. Nxg6 Kf7 36. Rc1 Ng4 37. Nh4 Qe3 38. bxc4 Qxf4 39. Nf3 Bxf3 40. Qf2 Qh2#
0-1

[Event "STAREDUST Play(under 1200 RAITING PLEASE  Play on)"]
[Site "SchemingMind.com"]
[Date "2017.12.12"]
[Round "-"]
[White "nammy"]
[Black "emircaljr"]
[Result "0-1"]
[WhiteCountry "ENG"]
[BlackCountry "BRA"]
[WhiteElo "818"]
[WhiteRD "69"]
[BlackElo "1721"]
[BlackRD "163"]
[GameID "421836"]

1. d4 Nf6 2. f3 d5 3. e3 c5 4. c3 Nc6 5. Bd3 e5 6. Ne2 Bd6 7. Nd2 O-O 8. Ng3 exd4 9. Qe2 dxe3 10. Ndf1 d4
11. f4 Bxf4 12. Nf5 c4 13. Bc2 d3 14. Qf3 dxc2 15. Qxf4 Qd1#
0-1

[Event "STAREDUST Play(under 1200 RAITING PLEASE  Play on)"]
[Site "SchemingMind.com"]
[Date "2017.12.11"]
[Round "-"]
[White "emircaljr"]
[Black "Chessibelle"]
[Result "1-0"]
[WhiteCountry "BRA"]
[BlackCountry "ENG"]
[WhiteElo "1721"]
[WhiteRD "163"]
[BlackElo "1107"]
[BlackRD "60"]
[GameID "421837"]

1. e4 e5 2. Nf3 Nc6 3. Bb5 Nge7 4. O-O d6 5. d4 g6 6. dxe5 Bd7 7. exd6 Ng8 8. dxc7 Qxc7 9. Nc3 O-O-O 10. Nd5 Qd6
11. Bf4 Qe6 12. Ng5 Qe8 13. Qd2 Nge7 14. Nf6 Be6 15. Nxe8 Rxd2 16. Bxd2 Kd8 17. Nd6 Nd4 18. Ndxf7+ Kc7 19. Nxe6+ Kb6 20. Nxd4 Rg8
21. Bc4 Rg7 22. Be3 Kc5 23. Ne6+
1-0

[Event "STAREDUST Play(under 1200 RAITING PLEASE  Play on)"]
[Site "SchemingMind.com"]
[Date "2017.12.12"]
[Round "-"]
[White "Arthur Wilding"]
[Black "emircaljr"]
[Result "0-1"]
[WhiteCountry "WLS"]
[BlackCountry "BRA"]
[WhiteElo "1182"]
[WhiteRD "76"]
[BlackElo "1721"]
[BlackRD "163"]
[GameID "421838"]

1. d4 Nf6 2. e3 e6 3. Nc3 d5 4. Bb5+ Nbd7 5. Nf3 c5 6. dxc5 Bxc5 7. Bxd7+ Bxd7 8. Ne5 O-O 9. Nxd7 Qxd7 10. O-O Rfd8
11. a3 Rac8 12. Bd2 Bd6 13. a4 Qc7 14. Qe2 Bxh2+ 15. Kh1 Be5 16. Rfc1 a6 17. a5 d4 18. exd4 Rxd4 19. Rd1 Rh4+ 20. Kg1 Bxc3
21. f3 Qh2+ 22. Kf1 Qh1+ 23. Kf2 Bd4+ 24. Be3 Ne4+ 25. fxe4 Rf4+ 26. Kg3 Qh4#
0-1

[Event "STAREDUST Play(under 1200 RAITING PLEASE  Play on)"]
[Site "SchemingMind.com"]
[Date "2017.12.12"]
[Round "-"]
[White "emircaljr"]
[Black "Henk Miedema"]
[Result "1-0"]
[WhiteCountry "BRA"]
[BlackCountry "NED"]
[WhiteElo "1721"]
[WhiteRD "163"]
[BlackElo "1022"]
[BlackRD "71"]
[GameID "421839"]

1. e4 e5 2. Nf3 d6 3. d4 f5 4. Nc3 f4 5. dxe5 Nh6 6. Bxf4 Nf7 7. Bc4 Be7 8. e6 Bxe6 9. Bxe6 Ne5 10. Nxe5 Kf8
11. Qh5 Na6 12. Qf7#
1-0

[Event "STAREDUST Play(under 1200 RAITING PLEASE  Play on)"]
[Site "SchemingMind.com"]
[Date "2017.12.22"]
[Round "-"]
[White "nammy"]
[Black "Allan Sedstrem"]
[Result "0-1"]
[WhiteCountry "ENG"]
[BlackCountry "SCO"]
[WhiteElo "882"]
[WhiteRD "65"]
[BlackElo "1510"]
[BlackRD "77"]
[GameID "422169"]

1. d4 d5 2. e3 c5 3. dxc5 Qa5+ 4. c3 Qxc5 5. Bd2 e5 6. a3 Nf6 7. Be2 e4 8. f3 Qb6 9. f4 h5 10. h3 Qxb2
11. a4 Qxa1 12. Kf2 Qb2 13. h4 Ng4+ 14. Kg3 Qb6 15. Na3 Qg6 16. Bb5+ Nc6 17. Qf1 Nxe3+ 18. Kf2 Nxf1 19. Bxf1 Bxa3 20. Ne2 Bc5+
21. Ke1 e3 22. Bc1 O-O 23. g3 Bg4 24. Bb2 Qb1+ 25. Nc1 Qc2 26. Bg2 Qd2+ 27. Kf1 Qf2#
0-1

[Event "STAREDUST Play(under 1200 RAITING PLEASE  Play on)"]
[Site "SchemingMind.com"]
[Date "2017.12.21"]
[Round "-"]
[White "Allan Sedstrem"]
[Black "Arthur Wilding"]
[Result "1-0"]
[WhiteCountry "SCO"]
[BlackCountry "WLS"]
[WhiteElo "1510"]
[WhiteRD "77"]
[BlackElo "1142"]
[BlackRD "74"]
[GameID "422170"]

1. d4 d5 2. c4 dxc4 3. Qa4+ Bd7 4. Qxc4 Nf6 5. Nc3 c6 6. Nf3 Be6 7. Qd3 Nbd7 8. e4 g6 9. e5 Ng8 10. Be2 f6
11. Bf4 Nh6 12. O-O Bg7 13. Qd2 fxe5 14. dxe5 Nf5 15. Rfd1 O-O 16. b3 Nb6 17. Bd3 h6 18. Qc2 Rc8 19. Bxf5 Bxf5 20. Qc1 Nd5
21. Nd4 Nxf4 22. Nxf5 Nd3 23. Nxe7+ Qxe7 24. Rxd3 Bxe5 25. Qe3 g5 26. Qxa7 Bxc3 27. Rxc3 Rfe8 28. Re3 Qc7 29. Rae1 Rxe3 30. Qxe3 Qa5
31. Re2 Qd8 32. Rd2 Qf8 33. Qe6+ Kg7 34. Rd7+ Kh8 35. Rf7 Qc5 36. Qxh6+ Kg8 37. Qg7#
1-0

[Event "STAREDUST Play(under 1200 RAITING PLEASE  Play on)"]
[Site "SchemingMind.com"]
[Date "2017.12.20"]
[Round "-"]
[White "Allan Sedstrem"]
[Black "Chessibelle"]
[Result "1-0"]
[WhiteCountry "SCO"]
[BlackCountry "ENG"]
[WhiteElo "1559"]
[WhiteRD "171"]
[BlackElo "1107"]
[BlackRD "60"]
[GameID "422171"]

1. d4 d5 2. c4 Nf6 3. e3 g6 4. Nc3 Nc6 5. Nf3 e6 6. Bd3 Bg7 7. O-O O-O 8. Bd2 Re8 9. Re1 Ng4 10. h3 Nh6
11. Qc1 f5 12. cxd5 exd5 13. a3 Nf7 14. b4 a6 15. Bc2 b5 16. Bb3 Ne7 17. Ne5 Qd6 18. Nxf7 Qb6 19. Nxd5 Qe6 20. Nxc7 Qxb3
21. Ng5 Rd8 22. Nxa8 Qd5 23. Nb6 Qd6 24. Nxc8 Nd5 25. Nxd6
1-0

[Event "STAREDUST Play(under 1200 RAITING PLEASE  Play on)"]
[Site "SchemingMind.com"]
[Date "2017.12.21"]
[Round "-"]
[White "Henk Miedema"]
[Black "Allan Sedstrem"]
[Result "0-1"]
[WhiteCountry "NED"]
[BlackCountry "SCO"]
[WhiteElo "1022"]
[WhiteRD "71"]
[BlackElo "1559"]
[BlackRD "171"]
[GameID "422172"]

1. d4 Nf6 2. Nf3 g6 3. e3 Bg7 4. Nc3 O-O 5. e4 d6 6. Bc4 Nc6 7. Qd3 Nb4 8. Qd2 b6 9. Ng5 Bb7 10. Ne2 a5
11. d5 h6 12. Nf3 Nxe4 13. O-O Nxd2 14. Bxd2 Bxb2 15. Rab1 Bg7 16. Bxb4 axb4 17. Ra1 Bxa1 18. Rxa1 Ba6 19. Nd2 Bxc4 20. Nxc4 Re8
21. Nd4 e6 22. Nc6 Qd7 23. Nxb4 exd5 24. Nd2 Qe6 25. Nf3 g5 26. Nd4 Qe1+
0-1

[Event "STAREDUST Play(under 1200 RAITING PLEASE  Play on)"]
[Site "SchemingMind.com"]
[Date "2017.12.21"]
[Round "-"]
[White "emircaljr"]
[Black "Allan Sedstrem"]
[Result "1-0"]
[WhiteCountry "BRA"]
[BlackCountry "SCO"]
[WhiteElo "1721"]
[WhiteRD "163"]
[BlackElo "1559"]
[BlackRD "171"]
[GameID "422173"]

1. e4 Nc6 2. Nf3 b6 3. d4 e6 4. Bd3 Bb7 5. c4 Be7 6. Nc3 d6 7. Bc2 Nf6 8. d5 Ne5 9. Nxe5 dxe5 10. Ba4+ Nd7
11. dxe6 fxe6 12. Qh5+ g6 13. Qxe5 Rf8 14. Qxe6 c6 15. Bg5 b5 16. O-O-O bxa4 17. e5 Rf7 18. Ne4 Qc7 19. Nd6+
1-0

[Event "STAREDUST Play(under 1200 RAITING PLEASE  Play on)"]
[Site "SchemingMind.com"]
[Date "2017.12.23"]
[Round "-"]
[White "Kwame"]
[Black "nammy"]
[Result "1-0"]
[WhiteCountry "USA"]
[BlackCountry "ENG"]
[WhiteElo "891"]
[WhiteRD "76"]
[BlackElo "795"]
[BlackRD "62"]
[GameID "422264"]

1. c4 e5 2. e4 Nf6 3. d3 d6 4. Be2 c6 5. Nf3 Nbd7 6. O-O Be7 7. Ng5 Kf8 8. a3 h6 9. Nh3 Qe8 10. Re1 Bd8
11. Bg4 h5 12. Bf3 Rh6 13. Ng5 Rg6 14. Nh3 Qe6 15. Nf4 Qe7 16. Bxh5 Rg5 17. Kf1 g6 18. Nh3 Rxh5 19. Ng5 Rxh2 20. Kg1 Ng4
21. Qxg4 Nf6 22. Qg3 Rh5 23. Bd2 Nd7 24. Kf1 a5 25. Ke2 f6 26. Nf3 Ke8 27. Qxg6+ Kf8 28. Qxh5 Nb6 29. Qh8+ Kf7 30. Rh1 Bd7
31. Bxa5 Rxa5 32. Rh7+ Ke6 33. Rxe7+ Kxe7 34. Qg7+ Ke6 35. Ng5+ fxg5 36. Qg8+ Ke7 37. Qxg5+ Ke8 38. Qg8+ Ke7 39. Nd2 Na4 40. Qg7+ Ke6
41. Qg6+ Bf6 42. Qg8+ Ke7 43. Qh7+ Ke6 44. Qg8+ Ke7 45. Rb1 Be6 46. Nb3 Bxg8 47. Nxa5 b6 48. g3 bxa5 49. Kd2 Bf7 50. Kc2 d5
51. b3 Nb6 52. Rh1 Bg5 53. Re1 a4 54. b4 Kd7 55. Rh1 Be6 56. Rh7+ Kd6 57. Rg7 Bh6 58. Rb7 Na8 59. c5#
1-0

[Event "STAREDUST Play(under 1200 RAITING PLEASE  Play on)"]
[Site "SchemingMind.com"]
[Date "2017.12.22"]
[Round "-"]
[White "Arthur Wilding"]
[Black "Kwame"]
[Result "1-0"]
[WhiteCountry "WLS"]
[BlackCountry "USA"]
[WhiteElo "1133"]
[WhiteRD "73"]
[BlackElo "831"]
[BlackRD "78"]
[GameID "422265"]

1. d4 Nf6 2. e3 e6 3. Nc3 Nc6 4. Bb5 Bb4 5. Bxc6 Bxc3+ 6. bxc3 dxc6 7. Nf3 O-O 8. O-O b6 9. Ne5 Ba6 10. c4 b5
11. Nxc6 Qd6 12. Na5 bxc4 13. Qe2 Rab8 14. Nxc4 Qd5 15. Bb2 Ne4 16. Ne5 Bxe2 17. Rfe1 Bb5 18. Nd3 Bxd3 19. cxd3 Nd6 20. Bc3 Nb5
21. Rec1 Rfe8 22. Bd2 Rbc8 23. Rc5 Qb7 24. Rb1 Nd6 25. Rxb7 Nxb7 26. Rg5 a5 27. h4 Nd6 28. Bxa5 Nb5 29. a4 Nc3 30. Bxc3 Rb8
31. h5 Rb1+ 32. Kh2 Rd1 33. a5 Rf1 34. f3 Rf2 35. Rb5 Ra8 36. Rb7 c6 37. Rb6 Rc8 38. a6 Ra8 39. Rxc6 Re2 40. Bb4 Rxe3
41. Bc5 Rxd3 42. Bb6 Rxd4 43. Bxd4 Kf8 44. a7 f6 45. Rc7 Ke8 46. Rb7 Kd8 47. Rb8+ Kc7 48. Rxa8 Kb7 49. Rg8 e5 50. Rxg7+ Ka8
51. Bc5 f5 52. Rxh7 e4 53. fxe4 fxe4 54. Kg3 e3 55. Kf3
1-0

[Event "STAREDUST Play(under 1200 RAITING PLEASE  Play on)"]
[Site "SchemingMind.com"]
[Date "2017.12.22"]
[Round "-"]
[White "Chessibelle"]
[Black "Kwame"]
[Result "1-0"]
[WhiteCountry "ENG"]
[BlackCountry "USA"]
[WhiteElo "1069"]
[WhiteRD "60"]
[BlackElo "877"]
[BlackRD "78"]
[GameID "422266"]

1. e4 d5 2. f3 c6 3. Nc3 e5 4. d3 Bd6 5. b3 Qa5 6. Bd2 Nf6 7. g3 O-O 8. Nge2 Bc5 9. h3 Rd8 10. Bg2 d4
11. Nd5 Qb5 12. a4 Qa6 13. Nc7 Qb6 14. Nxa8 Qa6 15. O-O b6 16. g4 Qb7 17. Nxb6 Qxb6 18. c3 Be6 19. c4 Qxb3 20. Qxb3 Na6
21. Qb7 Nb4 22. Qc7 Re8 23. Qxe5 Nxd3 24. Qc7 Nd7 25. Qxc6 Nf6 26. f4 Be7 27. e5 Nc5 28. exf6 gxf6 29. Qxe8+ Kg7 30. Qxe7 Bxc4
31. Qxc5 Bxe2 32. Rfe1 d3 33. Rac1 h6 34. f5 a6 35. Qe3 Kh7 36. Qxh6+ Kg8 37. Rc8#
1-0

[Event "STAREDUST Play(under 1200 RAITING PLEASE  Play on)"]
[Site "SchemingMind.com"]
[Date "2017.12.22"]
[Round "-"]
[White "Kwame"]
[Black "Henk Miedema"]
[Result "1/2-1/2"]
[WhiteCountry "USA"]
[BlackCountry "NED"]
[WhiteElo "891"]
[WhiteRD "76"]
[BlackElo "939"]
[BlackRD "63"]
[GameID "422267"]

1. Nf3 d5 2. c3 e6 3. d4 Bd6 4. Bg5 Qd7 5. e3 b6 6. Bd3 Bb7 7. O-O f6 8. Bh4 Ne7 9. Nfd2 Bc6 10. Qh5+ g6
11. Qh6 b5 12. Qg7 Rf8 13. Qxh7 Na6 14. Re1 O-O-O 15. Nb3 Qe8 16. Na5 Rh8 17. Qg7 g5 18. Nxc6 Nxc6 19. Bg3 Rg8 20. Qxf6 Be7
21. Qxe6+ Kb7 22. Na3 Rf8 23. Nxb5 g4 24. Bg6 Qd7 25. Bf5 Nab8= 26. Qxd7 Nxd7 27. Bxg4 Rc8 28. Bxd7 Rcd8 29. Bxc6+ Kb6 30. Na3 Kxc6
31. Nc2 Rh8 32. Red1 Bd6 33. Nb4+ Kd7 34. Nxd5 Kc8 35. Re1 Bf8 36. Nb6+ Kb7 37. Nc4 Rh5 38. h3 Rb5 39. Na3 Rb6 40. Nc4 Be7
41. Red1 Rd5 42. h4 Rc6 43. Nd2 Rf6 44. f4 Rg6 45. Nf1 Rb5 46. b3 Rh5 47. Kf2 Ba3 48. e4 Bb2 49. Rab1 Bxc3 50. f5 Rg4
51. e5 Rh8 52. e6 Bb4 53. Re1 Bxe1+ 54. Rxe1 Rxd4 55. f6 Rd6 56. e7 Rxf6+ 57. Kg1 Re8 58. Nd2 Rf7 59. Nc4 Rfxe7 60. Kf1 Kc8
61. Ne5 Kb7 62. a4 Rg7 63. Kf2 Rf8+ 64. Kg1 Rxg3 65. b4 Rfg8 66. Re2 Rh8 67. Ng6 Rxg6 68. Re4 Rxh4 69. Rxh4 Rc6= 70. b5 Rc1+
71. Kh2 Kb6 72. Rh8 a6 73. Ra8 axb5 74. axb5 Kxb5 75. Kh3 Kb6 76. Kg4 Kb7 77. Rd8 Rc4+ 78. Kf3 Kc6 79. g4 Rc5 80. Kf4 Kb6=
81. g5 Rc6 82. Kf5 Kb7= 83. g6 Rxg6= 84. Kxg6 Kb6=
1/2-1/2

[Event "STAREDUST Play(under 1200 RAITING PLEASE  Play on)"]
[Site "SchemingMind.com"]
[Date "2017.12.22"]
[Round "-"]
[White "Kwame"]
[Black "emircaljr"]
[Result "0-1"]
[WhiteCountry "USA"]
[BlackCountry "BRA"]
[WhiteElo "910"]
[WhiteRD "79"]
[BlackElo "1721"]
[BlackRD "163"]
[GameID "422268"]

1. d4 e6 2. Bd2 d5 3. Nf3 c5 4. e3 Nf6 5. Bd3 Nc6 6. O-O a6 7. Nc3 c4 8. a3 cxd3 9. cxd3 b5 10. Ne5 Bb7
11. Ne2 Bd6 12. Ng3 Nxe5 13. Nf5 exf5 14. Qe2 Nc6 15. Qf3 Qd7 16. Rac1 O-O 17. Rfe1 Rfe8 18. Qh3 b4 19. Ra1 a5 20. a4 Ba6
21. f4 Bxd3 22. Red1 Be2 23. Re1 Bg4 24. Qg3 Ne4 25. Qh4 Be7 26. Qxe7 Qxe7
0-1

[Event "STAREDUST Play(under 1200 RAITING PLEASE  Play on)"]
[Site "SchemingMind.com"]
[Date "2017.12.22"]
[Round "-"]
[White "Allan Sedstrem"]
[Black "Kwame"]
[Result "1-0"]
[WhiteCountry "SCO"]
[BlackCountry "USA"]
[WhiteElo "1559"]
[WhiteRD "171"]
[BlackElo "910"]
[BlackRD "79"]
[GameID "422269"]

1. c4 e5 2. d4 d6 3. dxe5 Bd7 4. exd6 cxd6 5. e3 Nf6 6. Nf3 a5 7. Nc3 Nc6 8. a3 Be7 9. Bd3 O-O 10. O-O Be6
11. Qc2 d5 12. Rd1 Bc5 13. cxd5 Nxd5 14. Bxh7+ Kh8 15. e4 Kxh7 16. exd5+ f5 17. dxe6 Re8 18. Rxd8 Rexd8 19. Qxf5+ g6 20. Ng5+ Kg7
21. Qxc5 Re8 22. b3 Red8 23. e7 Re8 24. Bb2 Nxe7 25. Nd5+ Kh6 26. Nxe7 Rh8 27. Nf7+
1-0